| 000 | 00348nam a22000977a 4500 | ||
|---|---|---|---|
| 008 | 230830b |||||||| |||| 00| 0 eng d | ||
| 040 |
_aNational Science Library _cNational Science Library |
||
| 245 | _aBulletin of the national institute of sciences of India | ||
| 260 |
_aNew Delhi: _bNational Institute of sciences of India, _c1952 |
||
| 942 |
_cCR _2udc |
||
| 999 |
_c60024 _d60024 |
||